00446nam a2200169Ia 450000500170000000800410001704000190005804100120007708200160008910000200010524500390012526000300016430000110019450400360020565000240024185000110026520240425140746.0131103s9999 xx 000 0 und d aLoreto College aEnglish a371.3 bMAC aMckow, Harry C. 4aThe Student CouncilcHarry C.Mckow aNew YorkbMacmillanc1994 a352p.  aIncludes bibliography and index aSchool organisation aLCBED